MARC

Tag First Indicator Second Indicator Subfields
LEADER 00000cam a22000008a 4500
001 in00000012311
005 20151007051813.0
008 870902s1987 ne a b 10110 eng
010 |a  87026330  
020 |a 9027726280 
035 |a (OCoLC)16711605 
035 |9 AAA4872AM 
040 |a DLC  |c DLC  |d TXA  |d UtOrBLW 
049 |a TXAM  |c [A12605724] 
050 0 0 |a QC484.8  |b .N42 1986 
082 0 |a 523.01/97223  |2 19 
111 2 |a NATO Advanced Study Institute on Genesis and Propagation of Cosmic Rays  |d (1986 :  |c Erice, Italy) 
245 1 0 |a Genesis and propagation of cosmic rays /  |c edited by Maurice M. Shapiro and John P. Wefel. 
263 |a 8709 
264 1 |a Dordrecht ;  |a Boston :  |b D. Reidel Pub. Co. ;  |c [1988] 
264 2 |a Norwell, MA, U.S.A. :  |b Sold and distributed in the U.S.A. and Canada by Kluwer Academic Publishers, 
264 4 |c ©1988 
300 |a xiv, 476 pages :  |b illustrations 
336 |a text  |b txt  |2 rdacontent 
337 |a unmediated  |b n  |2 rdamedia 
338 |a volume  |b nc  |2 rdacarrier 
490 1 |a NATO ASI series. Series C, Mathematical and physical sciences ;  |v vol. 220 
500 |a "Published in cooperation with NATO Scientific Affairs Division." 
500 |a "Proceedings of the NATO Advanced Study Institute on Genesis and Propagation of Cosmic Rays, Erice, Sicily, Italy, June 1-9, 1986"--Title page verso. 
504 |a Includes bibliographies and indexes. 
650 0 |a Cosmic rays  |v Congresses. 
650 0 |a Nuclear astrophysics  |v Congresses. 
700 1 |a Shapiro, Maurice M.  |q (Maurice Mandel),  |d 1915- 
700 1 |a Wefel, J. P. 
710 2 |a North Atlantic Treaty Organization.  |b Scientific Affairs Division. 
830 0 |a NATO ASI series.  |n Series C,  |p Mathematical and physical sciences ;  |v no. 220. 
999 |a MARS 
999 f f |s b503f964-dd17-3f02-a62d-e3091f2723df  |i cf8725f5-2c6b-32d3-bf65-13fec105557e  |t 0 
952 f f |p ric  |a Texas A&M University  |b Rellis Campus  |c Joint Library Facility  |d Remote Storage  |t 0  |e QC484.8 .N42 1986  |h Library of Congress classification  |i unmediated -- volume  |m A14812605724 
998 f f |a QC484.8 .N42 1986  |t 0  |l Remote Storage